| 000 | 00935nac a22002771i 4500 | ||
|---|---|---|---|
| 003 | EG-ScBUE | ||
| 005 | 20241024083147.0 | ||
| 008 | 121220t1947 nyua f 001 0 eng d | ||
| 035 | _a(OCoLC)660570 | ||
| 040 |
_aEG-ScBUE _beng _erda _cEG-ScBUE _dEG-ScBUE |
||
| 082 | 0 | 4 |
_a516.3 _bOLM _222 |
| 100 | 1 |
_aOlmsted, John M. H., _eauthor. _931741 |
|
| 245 | 1 | 0 |
_aSolid analytic geometry / _bJohn M.H. Olmsted, professor of mathematics at the University of Minnesota. |
| 250 | _aFirst edition. | ||
| 264 | 1 |
_aNew York : _bAppleton Century Crofts, _c[1947] |
|
| 264 | 4 | _cc1947 | |
| 300 |
_aix, 162 pages : _billustrations ; _c24 cm |
||
| 336 |
_2rdacontent _atext _btxt |
||
| 337 |
_aunmediated _2rdamedia _bn |
||
| 338 |
_avolume _bnc _2rdacarrier |
||
| 500 | _aIncludes index. | ||
| 650 | 7 |
_aGeometry, Analytic _xSolid. _2BUEsh _931742 |
|
| 655 | _vReading book | ||
| 942 |
_cBB _2ddc |
||
| 999 |
_c3147 _d3147 |
||